000 02011nam a22002777a 4500
003 MN-UlNLM
005 20250129160929.0
008 250129s2021 -cn||||| |||| 00| 0 eng d
020 _a9780824878306
040 _aUB01000001
_bmon
_cMN-UlNLM
_dMN-UlNLM
_erda
041 0 _aeng
043 _an-cn---
084 _2NNA
100 0 _aUranchimeg, Ts.
_eзохиогч
_qUranchimeg Tsultemin
245 1 _aA Monastery on the move
_bArt and politics in later buddhist Mongolia
264 1 _aCanada
_bUniversity of Hawai'i press
_c2021
300 _a283 хуудастай
_bгэрэл зурагтай
_c25 см
520 _a1639 онд, Тавдугаар Далай ламын Гэлүгийн шашны урсгал болон Чин гүрний эзэд Дотоод Азид ноёрхлоо тогтоохын төлөө тэмцэлдэж байх үед, Чингис хааны угсааны залуу хүү Занабазар (1635-1723) Халх Монголын Жавзандамба хутагтын суудалд өргөмжлөгджээ. Энэ үйл явдлыг тэмдэглэн байгуулсан гэр (юрта) нь дараагийн гурван зууны турш хөдөлгөөнт хийд Их Хүрээ болон өргөжин, Жавзандамба хутагтуудын улс төрийн төв, Монголын буддизмын чухал төв болжээ. Гэвч 1930-аад онд Их Хүрээ устгагдсан бөгөөд хожим нь дахин сэргээгдэж, өнөөгийн Монгол Улсын нийслэл Улаанбаатар хэмээн нэрлэгдсэн байна.
650 4 _aМонголын буддын урлаг
650 4 _aархитектур
650 4 _aЗанабазарын уран бүтээл
650 4 _aГэлүгийн урсгал
650 4 _aМонголын шашин төрийн хос ёс
650 4 _aЖавзандамба хутагт
942 _2NNA
_cBK
999 _c1155341
_d1155398